[Event "Tata Steel India 2018-Blitz"]
[Site "Kolkata"]
[Date "2018.11.14"]
[Round "12"]
[White "Ganguly, Surya Shekhar"]
[Black "Harikrishna, Pentala"]
[Result "1-0"]
[WhiteElo "2615"]
[BlackElo "2729"]
[Annotator "TA"]
[PlyCount "83"]
[EventDate "2018.11.09"]
[EventType "tourn"]
[EventCountry "IND"]
[SourceTitle "playchess.com"]
[Source "ChessBase"]
[SourceQuality "1"]

{[%evp 17,83,10,27,-28,26,-46,24,21,90,104,101,100,129,127,112,106,114,32,41,15,20,0,0,0,0,-6,29,26,40,40,40,20,54,41,42,37,58,41,39,40,42,34,35,34,34,34,34,34,34,34,241,210,210,218,433,409,464,404,527,486,899,743,2527,2321,29981,29982,29979,29980]} 1. e4 e5 2. Nf3 Nc6 3. Bb5 Nf6 4. O-O Nxe4 5. Re1 Nd6 6. Nxe5 Be7 7. Bf1 Nxe5 8. Rxe5 O-O 9. d4 Bf6 {LiveBook: 572 Partien. C67: Spanische Partie (Berliner Verteidigung)} 10. Bd3 (10. Re1 $142) (10. Re1 Re8 11. c3 Rxe1 12. Qxe1 Ne8 13. d5 c6 14. Nd2 cxd5 15. Nf3 d6 16. Be3 Nc7 17. Qd2 Bd7 18. g3 {½-½ (32) Giri,A (2780)-Caruana,F (2827) Batumi 2018}) 10... Ne8 (10... Bxe5 $142 11. dxe5 Ne8) 11. Nc3 (11. Re1 $11) 11... d6 (11... Bxe5 $15 12. dxe5 d6) 12. Re1 $11 ({Ein No Go ist} 12. Qh5 g6 $17) 12... d5 $146 (12... c6 $11 {bleibt in der Remisbreite.}) ({Vorgänger:} 12... g6 13. Nd5 Bg7 14. Ne7+ Kh8 15. Qf3 Be6 16. Bg5 Qd7 17. d5 {1-0 (29) Gulbas,C (2178)-Roesner,H (1965) Germany 2000}) 13. Qh5 $1 $16 {[%csl Gd3][%cal Rh5h7]} g6 14. Qxd5 Be6 15. Qxb7 Bxd4 16. Qf3 Rb8 17. Ne4 ({Günstiger ist} 17. Nb5 $16) 17... Bd5 $14 18. Bh6 Ng7 {Und ...f5 würde nun gewinnen.} 19. Qh3 Bxe4 20. Bxe4 Qf6 21. Qf3 Bxb2 22. Rab1 Qxf3 23. Bxf3 Bd4 24. g4 Rfe8 25. Rxb8 Rxb8 26. Bd5 Re8 27. Kf1 (27. Rd1 {seems wilder.} Bc5 28. h3 Rb8 29. Bb3 Ne6 30. Rd7) 27... Rxe1+ 28. Kxe1 {[%mdl 4096] Endspiel KLL-KLS} Ne6 29. Ke2 Be5 30. Bxe6 fxe6 {KL-KL} 31. h3 Kf7 32. Kd3 a6 33. Kc4 Ke7 $2 {[#]} ({Lieber} 33... Bd6 $14) 34. Kb4 $1 $18 Kd7 {[#]} 35. Ka5 $1 Kc6 $2 (35... c5 {war angesagt.} 36. Kxa6 Kc6) 36. Kxa6 Kc5 37. a4 {[%cal Ba2a4,Ba4a5,Ba5a6][%mdl 32]} Kb4 38. a5 Bd4 (38... Bc3 $142 39. Kb7 Kxa5 40. Kxc7 e5) 39. Bd2+ Ka3 40. Be3 c5 41. Kb5 Kb2 42. a6 {Precision: Weiß = 65%, Schwarz = 37%.} 1-0

[Event "Tata Steel India 2018-Blitz"]
[Site "Kolkata"]
[Date "2018.11.14"]
[Round "12"]
[White "Praggnanandhaa R"]
[Black "So, Wesley"]
[Result "0-1"]
[WhiteElo "2530"]
[BlackElo "2765"]
[Annotator "TA"]
[PlyCount "68"]
[EventDate "2018.11.09"]
[EventType "tourn"]
[EventCountry "IND"]
[SourceTitle "playchess.com"]
[Source "ChessBase"]
[SourceQuality "1"]

{[%evp 16,68,7,0,4,11,16,-10,8,8,25,15,17,17,27,16,20,16,41,30,50,43,68,26,70,60,56,47,51,33,54,44,38,34,37,31,37,34,44,20,28,14,39,16,72,47,155,163,156,120,454,45,32,-511,-522]} 1. e4 e5 2. Nf3 Nc6 3. Bc4 Bc5 4. O-O Nf6 5. d3 O-O 6. h3 d6 7. c3 h6 8. Bb3 a5 {C54: Giuoco Piano: 4 c3 Nf6, main lines with 5 d4 and 5 d3} 9. Re1 {LiveBook: 9 Games} Be6 (9... Bd7 10. Nbd2 a4 11. Bc2 b5 12. Nf1 Bb6 13. Ng3 Ne7 14. d4 Ng6 15. Be3 Re8 16. Qd2 {1-0 (45) Aronian,L (2767)-Caruana,F (2822) chess.com INT 2018}) 10. Ba4 Bd7 {The position is equal.} 11. Nbd2 Ba7 $146 ({Predecessor:} 11... Qb8 12. Nf1 b5 13. Bc2 b4 14. d4 Bb6 15. Ng3 bxc3 16. bxc3 {1-0 (57) Melia,S (2411)-Kusenkova,N (2134) Stary Smokovec 2018}) 12. Nf1 Ne7 13. Bc2 Ng6 14. d4 Re8 15. Ng3 b5 16. Be3 Bc6 17. Qd2 {aiming for Bxh6!} exd4 18. Bxd4 Ne5 19. Qe2 (19. Qe3 $5 Qb8 20. Nh4 $14) 19... Qb8 20. Rad1 (20. Nh4 {feels hotter.} g6 21. Rad1 a4 22. Qe3 Kh7 23. Ngf5) 20... b4 21. Nxe5 dxe5 22. Bxa7 Rxa7 23. cxb4 axb4 24. Bb3 Ba4 25. Rc1 Bxb3 26. axb3 Qb6 27. Rc4 c5 28. Nf5 Rea8 29. Qe3 Nd7 (29... Ra1 $11 {remains equal.}) 30. Rcc1 h5 {[#]} ({Better is} 30... Qf6 $14) 31. Red1 $1 $16 g6 32. Rd6 Qb7 $2 {[%mdl 8192] [#]} (32... Qd8 $16 {is more resistant.}) 33. Qg5 $2 (33. Rcd1 $1 $18) 33... Nf8 $1 $14 34. Ne7+ $2 {[%mdl 8192]} (34. f3 $14 {stays ahead.}) 34... Qxe7 {Precision: White = 29%, Black = 40%.} 0-1

[Event "Tata Steel India 2018-Blitz"]
[Site "Kolkata"]
[Date "2018.11.14"]
[Round "13"]
[White "Mamedyarov, Shakhriyar"]
[Black "Praggnanandhaa R"]
[Result "1-0"]
[WhiteElo "2817"]
[BlackElo "2530"]
[Annotator "TA"]
[PlyCount "107"]
[EventDate "2018.11.09"]
[EventType "tourn"]
[EventCountry "IND"]
[SourceTitle "playchess.com"]
[Source "ChessBase"]
[SourceQuality "1"]

{[%evp 20,107,32,18,39,24,86,33,79,7,62,56,41,27,6,-22,19,0,0,0,0,0,27,0,67,-39,81,80,131,133,131,106,112,118,112,111,118,116,161,133,161,147,149,122,152,139,116,119,120,47,54,17,152,175,134,112,118,116,116,71,81,80,46,38,34,44,70,85,340,346,334,323,417,398,439,429,552,549,1130,1114,1041,1011,1017,586,979,586,29977,29976,29978,1758]} 1. d4 Nf6 2. c4 e6 3. Nc3 d5 4. Bg5 Be7 5. e3 O-O 6. Qc2 h6 7. Bxf6 Bxf6 8. Nf3 c6 9. h4 g6 10. O-O-O Nd7 11. e4 {LiveBook: 4 Games. D55: Queen's Gambit Declined: 4 Bg5 Be7: Lines without ...h6 and 6...h6 7 Bxf6} (11. Kb1 Bg7 12. g4 Qe7 13. cxd5 exd5 14. Bd3 Nb6 15. Rhg1 Bd7 16. Ne5 Bxe5 17. dxe5 Qxe5 18. f4 Qxe3 19. Bxg6 Qxf4 20. g5 fxg6 21. Qxg6+ Kh8 22. Qxh6+ Kg8 23. Qg6+ Kh8 24. Qh6+ Kg8 25. Qg6+ {½-½ (25) Tomashevsky,E (2696)-Svidler,P (2755) Moscow 2017}) 11... Bg7 12. Kb1 $146 ({Predecessor:} 12. h5 g5 13. Kb1 g4 14. Nh2 c5 15. dxc5 d4 16. Nb5 Nxc5 17. e5 Bxe5 18. Nxg4 Bg7 {0-1 (46) Kanep,M (2531)-Akobian,V (2618) Caleta 2011}) 12... b6 (12... dxc4 $11 13. Bxc4 Qa5) 13. e5 (13. cxd5 $16 exd5 14. h5 (14. exd5 cxd5 15. h5 g5 $14)) 13... Bb7 14. Rh3 (14. cxd5 $16 cxd5 15. Nb5) 14... Qe7 (14... c5 $11) 15. cxd5 $14 exd5 16. h5 g5 17. Qf5 Qe6 18. Bd3 $36 {[%csl Gd3][%cal Rf5h7][%mdl 2048] White fights for an advantage.} Qxf5 19. Bxf5 Rfd8 20. Nh2 Nf8 21. g3 c5 ({Black should play} 21... Ne6 $11) 22. Ng4 (22. f4 $14) 22... cxd4 (22... Ne6 $1 $15 {keeps the upper hand.} 23. Bxe6 fxe6) 23. Nb5 $16 Ne6 ({Better is} 23... Bc8 24. Nxd4 Ne6) 24. Bxe6 $1 fxe6 25. Nxd4 Rf8 26. Rhh1 $1 Rf7 27. Rc1 Re8 28. Rc3 Bf8 29. Nf6+ Rxf6 30. exf6 {Hoping for Rc7.} Bc5 31. Rd1 Kf7 32. b4 $1 {[%cal Rb4c5]} Bd6 33. Nb5 Be5 34. Re3 (34. Rc2 $1 $16) 34... Bb8 $14 35. Nd4 Kxf6 (35... e5 $1 $11) 36. Rf3+ $16 Kg7 37. Re1 e5 38. Nf5+ Kh7 39. Nd6 $1 {[%cal Rd6e8]} Bxd6 40. Rf7+ Kg8 41. Rxb7 {And now a3 would win.} Bxb4 $14 {[%mdl 4096] Endgame KRR-KRB} 42. Rd1 Rd8 43. Rxa7 e4 $2 {[%mdl 8192] [#]} (43... d4 $16) 44. Ra4 $1 $18 {[%cal Ra4b4]} Bc5 {[#]} 45. Rxe4 $1 {[%mdl 512]} Bxf2 (45... dxe4 46. Rxd8+) 46. g4 Bc5 47. Re6 Kg7 48. Rf1 d4 49. Rg6+ Kh7 50. Rf7+ Kh8 51. Rxh6+ Kg8 52. Rhh7 {White threatens Rfg7+ and mate.} Rd6 53. Rfg7+ Kf8 54. Rd7 {Precision: White = 62%, Black = 27%.} (54. Rb7 $142 Kg8 55. Rhg7+ Kf8 56. Rgc7 Re6 {[#]} 57. h6 $1 {[%mdl 512]} Re1+ 58. Kc2 d3+ 59. Kxd3 Re3+ 60. Kc4) 1-0

[Event "Tata Steel India 2018-Blitz"]
[Site "Kolkata"]
[Date "2018.11.14"]
[Round "13"]
[White "Anand, Viswanathan"]
[Black "Ganguly, Surya Shekhar"]
[Result "1-0"]
[WhiteElo "2773"]
[BlackElo "2615"]
[Annotator "TA"]
[PlyCount "109"]
[EventDate "2018.11.09"]
[EventType "tourn"]
[EventCountry "IND"]
[SourceTitle "playchess.com"]
[Source "ChessBase"]
[SourceQuality "1"]

{[%evp 13,109,16,62,60,65,52,55,53,46,58,59,51,54,55,107,62,75,62,59,64,64,23,64,65,70,60,80,75,130,124,135,-69,-69,-280,137,141,147,145,175,75,88,72,79,102,108,86,61,14,224,201,277,282,361,69,68,61,306,311,311,311,311,311,311,311,311,310,338,264,310,247,662,247,310,300,247,247,340,340,327,329,340,340,594,533,761,753,702,570,702,701,612,482,1658,1585,29970,29972,29962,11302]} 1. c4 e6 2. g3 Nf6 3. Bg2 d5 4. Nf3 dxc4 5. Qa4+ Bd7 6. Qxc4 {A13: English Opening: 1...e6} c5 7. Ne5 Nc6 {LiveBook: 3 Games} (7... Qc8 8. Qd3 Nc6 9. Nxd7 Nxd7 10. Nc3 Be7 11. O-O O-O 12. b3 Rd8 13. Bb2 Nb6 {1-0 (81) So,W (2780)-Wei,Y (2729) chess.com INT 2018}) 8. Nxc6 {White is slightly better.} Bxc6 9. Bxc6+ bxc6 10. Nc3 $146 ({Predecessor:} 10. O-O h5 11. h4 Be7 12. d3 Ng4 13. Nd2 Rb8 {1-0 (44) Gagunashvili,M (2541)-Quparadze,G (2444) Tbilisi 2016}) 10... Rb8 11. b3 Be7 12. Ba3 Qd4 13. Qa6 Qd7 (13... O-O $14) 14. O-O O-O 15. Rfd1 Nd5 16. Rac1 Nb4 17. Bxb4 cxb4 18. Na4 Rfc8 19. d4 Rb5 20. Rc4 e5 {[#]} (20... Rd5 $142) 21. d5 $1 $16 {[%mdl 512]} c5 (21... Rxd5 22. Rxd5) 22. d6 $2 (22. Rdc1 $16 {And now d6! would win.} Rbb8 23. e4 (23. Nxc5 Qxd5 24. Qxa7 Bf8 $16)) 22... Bd8 $1 $15 {...Ra5 is the strong threat.} 23. Rc2 $2 {[#]} (23. Rd5 $15 Ra5 24. Qxa5 Bxa5 25. Nxc5) 23... f6 $2 (23... c4 $1 $19 {[%mdl 512]} 24. a3 (24. Rxc4 $2 Rxc4 25. bxc4 Ra5 $19) (24. bxc4 Ra5) 24... Ra5 25. Qxc8 Qxc8 26. axb4 Rb5 27. Rxc4 Qh3) 24. Nb2 h5 25. Nc4 $36 {[%mdl 2048] White has strong initiative.} h4 26. a4 (26. gxh4 $18 {is more deadly.} Qg4+ 27. Kf1 Qh3+ 28. Ke1) 26... bxa3 $16 27. Qxa3 h3 28. Qa4 Rcb8 29. Ne3 R8b7 30. Rc3 {With the idea Qc4+.} Ba5 $2 (30... Rb4 $1 $11 31. Qa3 Rd4) 31. Qc4+ Qf7 {[#]} 32. d7 $1 {[%cal Rd7d8][%mdl 512]} Bd8 {[#] intending ...Qxc4.} 33. Qe4 $2 (33. Nd5 $1 $18) 33... Rxb3 $14 34. Rxc5 {Black must now prevent Rc8.} Rxd7 $2 ({Black should play} 34... R3b4 $1 $14 35. Rc4 a5) 35. Rxd7 $18 Qxd7 36. Rd5 Rxe3 37. fxe3 {[%mdl 4096] Endgame KQR-KQB} ({Stronger than} 37. Rxd7 Rxe4 38. Rxd8+ Kf7 $17) 37... Qc8 38. Kf2 Bb6 39. Rd6 Qc1 40. g4 Qc7 41. Qc6 Qe7 $2 (41... Qxc6 42. Rxc6 Kf8) 42. Qd7 $2 (42. Re6 Qf7 43. Re8+ Kh7 44. Qc8 Bxe3+ 45. Kxe3 Qb3+ 46. Ke4) 42... Qxd7 43. Rxd7 {KR-KB} Kh7 44. Kf3 Kg6 45. e4 Bd4 46. Kg3 Be3 47. Kxh3 Bf2 $2 (47... a5 48. Rd5 Bb6) 48. Kg2 Bb6 49. h4 Kh6 50. Kf3 Bc5 51. Rc7 Bb6 52. Rc6 Kg6 (52... Ba5 $142 53. g5+ Kh5 54. gxf6 gxf6 55. Rxf6 Kxh4) 53. g5 {[%cal Bg4g5,Bg5f6][%mdl 32]} Bd4 54. Kg4 Kf7 55. gxf6 {Precision: White = 57%, Black = 33%.} 1-0

[Event "Tata Steel India 2018-Blitz"]
[Site "Kolkata"]
[Date "2018.11.14"]
[Round "13"]
[White "Aronian, Levon"]
[Black "Harikrishna, Pentala"]
[Result "1-0"]
[WhiteElo "2765"]
[BlackElo "2729"]
[Annotator "TA"]
[PlyCount "115"]
[EventDate "2018.11.09"]
[EventType "tourn"]
[EventCountry "IND"]
[SourceTitle "playchess.com"]
[Source "ChessBase"]
[SourceQuality "1"]

{[%evp 17,115,18,38,-31,44,51,55,47,31,47,52,38,35,0,0,0,0,-3,0,0,8,0,0,0,0,0,0,0,0,0,0,0,0,-19,-15,-19,-14,-26,-1,-96,-60,-47,0,0,51,50,112,105,105,103,166,168,176,155,176,169,179,138,164,141,183,164,241,218,256,209,254,189,1641,134,176,157,202,255,293,237,325,326,533,455,444,62,62,0,431,374,335,0,0,0,70,70,70,60,60,60,119,119,29986,29987]} 1. e4 {[%cal Be2e4,Be4e5,Be5f6,Bf6g7][%mdl 32]} e5 2. Nf3 Nc6 3. Bc4 Bc5 4. c3 Nf6 5. d4 exd4 6. e5 d5 7. Be2 {C54: Italienische Partie (Hauptvariante)} (7. Bb5 Ne4 8. cxd4 Bb6 9. Nc3 O-O 10. Be3 Bg4 11. h3 Bh5 12. Qc2 Bg6 13. Qb3 Ne7 14. O-O c6 15. Bd3 Kh8 16. Nh4 c5 17. Nxg6+ fxg6 18. Bxe4 cxd4 19. Nxd5 Nxd5 {1-0 (51) Jones,G (2677)-Aronian,L (2780) Douglas 2018}) 7... d3 8. exf6 dxe2 9. Qxe2+ Be6 {LiveBook: 3 Partien} 10. b4 (10. fxg7 $14 Rg8 11. b4) 10... Bd6 (10... Bf8 $15) 11. b5 $14 Na5 12. fxg7 Rg8 13. Bg5 Be7 14. Bxe7 $146 ({Vorgänger:} 14. Bh6 Bf6 {0-1 (27) Coleman,D (2076)-Mannion,S (2285) Hastings 2018}) 14... Qxe7 15. Nd4 Rxg7 16. g3 Bh3 17. Nd2 a6 18. a4 c5 19. bxc6 bxc6 20. Rb1 c5 21. Qxe7+ Kxe7 22. Ne2 Bf5 23. Rb2 Rgg8 24. Nf4 Kd6 25. O-O {Schwarz muss nun Tb6+ beachten.} Rab8 26. Ra2 $1 Kc6 27. Rd1 Rgd8 28. Nf3 (28. Re1 $11) 28... f6 29. Nh4 Bc8 30. Rad2 $36 {[%cal Rf4d5][%mdl 2048] Weiss drückt.} d4 (30... Nc4 $11 31. Rxd5 Rxd5 32. Nxd5 (32. Rxd5 Nb6 $11) 32... Nb2 33. Ne7+ Kc7) 31. cxd4 Rxd4 (31... Nb3 $14) 32. Rxd4 $16 cxd4 33. Nf3 Rb4 (33... Kd6 $16 {ist wohl besser.}) 34. Nxd4+ $18 Kb7 35. Nd5 Rxa4 36. Nxf6 Nc4 37. h4 Nb2 38. Rb1 Rxd4 39. Rxb2+ $16 {[%mdl 4096] Endspiel KTL-KTS} Kc7 (39... Kc6 {kämpft weiter.} 40. Rc2+ (40. Nxh7 a5 $18) 40... Kb7 41. Nxh7 Bf5 42. Rb2+ Kc6) 40. Nxh7 $18 a5 41. Ng5 a4 42. Ra2 Bb7 $2 (42... Kb6 43. h5 Ka5) 43. f4 $2 (43. Ne6+ $18 {ist der präzise Gewinnweg.} Kb6 44. Nxd4) 43... Bd5 $16 44. Ra3 $1 Bb3 45. h5 Rd6 46. Ne4 Rc6 47. Nd2 Rc3 $2 (47... Bd1 48. Nf3 Kb6) 48. Kf2 Rc2 {[#]} 49. Ke3 $2 (49. Ke2 $1 $18) 49... Rc3+ $14 50. Kf2 $2 {[%mdl 8192]} (50. Kd4 $14 Rxg3 51. h6) 50... Rc2 $18 {[#]} 51. Ke2 $1 Rc3 52. Kf2 $2 (52. Nxb3 $18 axb3 53. Kf2) 52... Rc2 $11 53. Ke3 ({Lieber} 53. Ke1 $11 Rc1+ 54. Ke2 Bd1+ 55. Ke3) 53... Rc3+ $14 54. Kd4 Rxg3 55. h6 Rh3 56. h7 $1 {Droht Ke5 und aus.} ({Auf keinen Fall} 56. Nxb3 $6 axb3 57. h7 Kc6 $16) 56... Rxh7 (56... Kd6 $1 $14) 57. Nxb3 $16 axb3 $2 {[%mdl 8192]} (57... Rh4 $16) 58. Ra7+ {Precision: Weiß = 49%, Schwarz = 52%.} 1-0

[Event "Tata Steel India 2018-Blitz"]
[Site "Kolkata"]
[Date "2018.11.14"]
[Round "13"]
[White "So, Wesley"]
[Black "Nakamura, Hikaru"]
[Result "1/2-1/2"]
[WhiteElo "2765"]
[BlackElo "2746"]
[Annotator "TA"]
[PlyCount "46"]
[EventDate "2018.11.09"]
[EventType "tourn"]
[EventCountry "IND"]
[SourceTitle "playchess.com"]
[Source "ChessBase"]
[SourceQuality "1"]

{[%evp 22,46,13,-3,12,0,0,-14,38,0,12,9,0,8,33,17,26,15,13,15,17,19,12,10,23,8,21]} 1. e4 e5 2. Nf3 Nc6 3. Bb5 Nf6 4. O-O Nxe4 5. Re1 Nd6 6. Nxe5 Be7 7. Bf1 Nxe5 8. Rxe5 O-O 9. d4 Bf6 10. Re1 Re8 {C67: Ruy Lopez: Berlin Defence: 4 0-0 Nxe4} 11. Rxe8+ (11. c3 Rxe1 12. Qxe1 Ne8 13. d5 c6 14. Nd2 cxd5 15. Nf3 d6 16. Be3 Nc7 17. Qd2 Bd7 18. g3 {½-½ (32) Giri,A (2780)-Caruana,F (2827) Batumi 2018}) 11... Nxe8 12. d5 {LiveBook: 13 Games} b6 13. Nd2 Bb7 $146 ({Predecessor:} 13... Qe7 14. g3 Bb7 15. Nc4 Nd6 16. Nxd6 Qxd6 17. Bg2 Re8 18. c3 {0-1 (66) Mammadzada,G (2355)-Abdumalik,Z (2380) Khanty-Mansiysk 2015}) 14. Ne4 Be7 ({Black should play} 14... Be5 $11) 15. c3 Nd6 16. Ng3 Bg5 17. c4 Rc8 18. b3 Qf6 19. Bxg5 (19. Rb1 {is more complex.} Bxc1 20. Rxc1 g6 21. Qg4 c6 22. dxc6 dxc6 23. c5) 19... Qxg5 20. Qd4 Re8 21. Rd1 Nf5 22. Nxf5 Qxf5 23. Bd3 Qe5 {Precision: White = 21%, Black = 33%.} 1/2-1/2

[Event "Tata Steel India 2018-Blitz"]
[Site "Kolkata"]
[Date "2018.11.14"]
[Round "13"]
[White "Karjakin, Sergey"]
[Black "Vidit, Santosh Gujrathi"]
[Result "0-1"]
[WhiteElo "2753"]
[BlackElo "2702"]
[Annotator "TA"]
[PlyCount "110"]
[EventDate "2018.11.09"]
[EventType "tourn"]
[EventCountry "IND"]
[SourceTitle "playchess.com"]
[Source "ChessBase"]
[SourceQuality "1"]

{[%evp 9,110,-18,-2,-44,-16,-49,-50,-54,-37,-79,-17,-27,-22,-28,-12,-7,0,-21,-17,-16,-17,-16,-10,-23,-23,-26,-25,-25,4,4,12,0,17,15,15,0,0,0,0,0,0,0,0,0,0,0,0,0,0,0,19,29,33,15,76,6,6,8,8,0,0,0,9,0,0,0,0,0,66,-40,-39,-39,-39,-284,-260,-397,-388,-371,-360,-477,-476,-451,-446,-461,-460,-397,-558,-558,-543,-548,-335,-456,-425,-428,-375,-760,-522,-29980,-29981,-4910,-1595,-1863,-1697]} 1. b3 e5 2. Bb2 Nc6 3. e3 Nf6 4. Bb5 e4 (4... Bd6 5. Na3 e4 6. Nc4 Be7 7. Bxc6 bxc6 8. Ne2 a5 9. O-O a4 10. d3 exd3 11. cxd3 axb3 12. axb3 Rxa1 13. Qxa1 {1-0 (27) Karjakin,S (2782)-Giri,A (2782) Leuven 2018}) 5. Bxc6 dxc6 $146 ({Vorgänger:} 5... bxc6 6. Ne2 d5 7. Nbc3 Bd6 8. d3 O-O 9. dxe4 dxe4 10. Ng3 Qe7 11. Nh5 Rd8 12. Qe2 {½-½ (26) Ankudinova,E (2121)-Fatalibekova,E (2215) Katerini 2014}) 6. f3 {A01: Larsen-Eröffnung} Bd6 7. Nc3 Qe7 8. fxe4 {Schwarz steht etwas besser.} Nxe4 {...Dh4+ ist eine echte Drohung.} 9. Nf3 Nxc3 (9... Bg4 $17) 10. Bxc3 $11 O-O 11. O-O Bg4 12. Qe2 Rae8 13. Qc4 Qe4 14. Qxe4 Rxe4 15. Nd4 Rfe8 16. Rae1 Bd7 17. h3 c5 18. Nf5 Bxf5 19. Rxf5 g6 20. Rf3 f5 21. d3 R4e6 22. Kf2 h5 23. g3 b5 {[%cal Bb7b5,Bb5b4][%mdl 32]} 24. e4 fxe4 25. Rxe4 Rxe4 26. dxe4 {[%mdl 4096] Endspiel KTL-KTL} b4 27. Bb2 c4 28. Ke3 $1 c3 29. Bc1 Be5 30. a4 Rd8 31. Ke2 a5 {[#]} (31... Kg7 $11) 32. Be3 ({Besser ist} 32. Rd3 $1 $16 {[%cal Rd3d8]} Rxd3 33. Kxd3 Bxg3 34. Kc4) 32... Kg7 33. Bg5 Rd4 $1 34. Be3 Rd8 35. Bg5 Rd4 $1 36. Rd3 Rxe4+ 37. Be3 Bd6 38. Kf3 Re7 ({Günstiger ist} 38... Re8 $11) 39. g4 (39. Rd5 $14) 39... hxg4+ 40. hxg4 Kf7 41. Bf2 $2 {[#]} (41. Rd5 $15) 41... Ke6 $1 $19 42. Re3+ (42. Ke2 {war angesagt.}) 42... Kd5 {zielt auf ...Tf7+ ab.} 43. Rd3+ Kc6 44. Rd1 Rf7+ 45. Ke2 Rf4 46. g5 Rg4 47. Be3 Rg2+ 48. Kd3 Be7 49. Re1 Rg3 {Droht stark ...Lc5.} 50. Kc4 Rg4+ 51. Kd3 Kd5 52. Ba7 $2 (52. Rd1 Kc6 53. Rg1 Rxg1 54. Bxg1) 52... Bxg5 53. Re8 Rg2 {[%csl Gc3,Gg5][%cal Rg2d2]} 54. Be3 Bxe3 (54... Rg3 $142 55. Ke2 Rxe3+ 56. Kd1 Rh3) 55. Kxe3 Rxc2 {Precision: Weiß = 44%, Schwarz = 68%.} 0-1

[Event "Tata Steel India 2018-Blitz"]
[Site "Kolkata"]
[Date "2018.11.14"]
[Round "14"]
[White "Nakamura, Hikaru"]
[Black "Mamedyarov, Shakhriyar"]
[Result "1-0"]
[WhiteElo "2746"]
[BlackElo "2817"]
[Annotator "TA"]
[PlyCount "97"]
[EventDate "2018.11.09"]
[EventType "tourn"]
[EventCountry "IND"]
[SourceTitle "playchess.com"]
[Source "ChessBase"]
[SourceQuality "1"]

{[%evp 19,97,0,7,0,0,0,0,0,4,0,0,0,5,7,0,0,0,-28,-24,-31,-27,-29,-15,-17,-7,-47,-60,-61,-55,-183,-179,-170,-155,-364,-171,-143,-150,-159,-156,-161,-133,-161,-143,-137,-118,-154,-139,-283,-127,-121,-73,-73,-73,-72,-72,-65,-46,-47,-49,-57,-33,-106,-70,-104,-15,-15,0,-33,-33,-84,-80,-87,-72,-89,-53,-45,-54,-54,1099,1082]} 1. Nf3 d5 2. e3 Nf6 3. c4 e6 4. b3 b6 5. Bb2 Bb7 6. cxd5 {A13: English Opening: 1...e6} exd5 7. Nc3 a6 8. d4 Bd6 9. g3 O-O 10. Bg2 Nbd7 {LiveBook: 7 Games} 11. O-O Ne4 $146 ({Predecessor:} 11... Qe7 12. a4 Ne4 13. Ne2 a5 {½-½ (22) Karjakin,S (2785)-So,W (2808) Wijk aan Zee 2017}) 12. Rc1 Nxc3 13. Bxc3 Re8 14. Qc2 Qe7 15. Bb2 Rac8 16. Bh3 Rcd8 17. Ne5 Nf6 18. Nc6 Bxc6 $1 19. Qxc6 h5 20. Qc2 Ne4 21. Qe2 h4 {[%cal Rh4g3]} 22. Bg2 hxg3 23. hxg3 Qg5 $1 24. Bxe4 ({Much worse is} 24. Qxa6 Bxg3 $1 {[%mdl 512]} 25. Qe2 Bd6 $17) (24. Rce1 $15) 24... Rxe4 $19 25. Kg2 Rde8 26. Rce1 $2 (26. Rg1 $17 {was worth a try.}) 26... Rxe3 (26... Rg4 $142 27. Rh1 Bxg3 $1 {[%mdl 512]}) 27. Qxe3 Rxe3 28. Rxe3 f6 29. Rfe1 Qf5 30. Bc3 Qc2 31. R1e2 Qb1 32. Be1 Kf7 33. f3 {[#]} (33. Bc3 $17) 33... a5 (33... c5 $1 $19 {[%cal Rc5d4]} 34. Bc3 Qg6) 34. Bf2 $17 b5 35. Rc3 a4 36. bxa4 bxa4 37. Rcc2 g5 38. g4 Kg6 39. Be3 Qb8 40. Rc1 (40. Bf2 $1 $15) 40... Qb5 41. Rcc2 $1 Kg7 ({Black should try} 41... Qd3 $17) 42. Bf2 $11 Qb1 43. Be3 Qb8 44. Rc1 (44. Bf2 $15) 44... Qh8 $17 {Hoping for ...Qh2+.} 45. Rh1 Qe8 46. Rhe1 Qg6 47. Bf2 Qd3 48. Re3 Qh7 $2 {[%mdl 8192] [#]} (48... Qc4 $15 49. Re8 Bb4) 49. Re7+ $1 {[%mdl 512] Precision: White = 46%, Black = 45%.} 1-0

[Event "Tata Steel India 2018-Blitz"]
[Site "Kolkata"]
[Date "2018.11.14"]
[Round "14"]
[White "Harikrishna, Pentala"]
[Black "So, Wesley"]
[Result "1-0"]
[WhiteElo "2729"]
[BlackElo "2765"]
[Annotator "TA"]
[PlyCount "57"]
[EventDate "2018.11.09"]
[EventType "tourn"]
[EventCountry "IND"]
[SourceTitle "playchess.com"]
[Source "ChessBase"]
[SourceQuality "1"]

{[%evp 18,57,0,0,24,27,20,22,22,13,52,58,59,63,66,70,63,52,104,102,109,110,92,97,135,135,135,126,136,155,152,154,148,142,143,140,130,89,374,352,1196,1163]} 1. Nf3 d5 2. e3 Nf6 3. c4 e6 4. b3 Bd6 5. Bb2 O-O 6. d4 b6 7. Bd3 Bb7 8. O-O dxc4 {E14: Queen's Indian: Classical Variation (4 e3)} 9. Bxc4 Nbd7 10. Nc3 {LiveBook: 4 Games} Qe7 $146 {The position is equal.} ({Predecessor:} 10... a6 11. a4 Bb4 12. Qe2 Qe7 13. Bd3 Rfd8 14. Rfc1 c5 15. Na2 Ba5 16. Bc4 Bd5 17. dxc5 bxc5 18. Bxa6 Bxb3 {½-½ (69) Ganguly,S (2625)-Shankland,S (2656) Edmonton 2015}) 11. Nb5 a6 12. Nxd6 cxd6 13. Nd2 Ne4 14. Nxe4 Bxe4 15. f3 Bg6 16. a4 Rfc8 17. e4 d5 (17... Nf8 $14) 18. exd5 $16 exd5 19. Bxd5 {aiming for Re1.} Rab8 20. Rc1 Rxc1 21. Qxc1 Nf6 22. Re1 Qb4 23. Bc4 b5 24. Ba3 Qa5 25. axb5 axb5 26. Re5 $36 {[%mdl 2048] Keeping Black busy.} h6 27. Bd6 Rc8 $2 {[%mdl 8192] [#]} (27... Qb6 $16 {is a better defense.} 28. Bc5 Qc6) 28. Bxf7+ $1 $18 {[%mdl 512]} Kxf7 $2 (28... Bxf7 29. Qxc8+ Kh7 30. Qc2+ Kg8) 29. Re7+ {Precision: White = 86%, Black = 41%.} 1-0